01757cam a2200385 a 4500999001500000001000900015003000400024005001700028008004100045010001700086016001800103020004300121020004000164035002400204040005200228042000800280050002200288082001200310100002200322245007000344260003700414300002500451490005100476500006900527504005100596505026400647650002700911650002800938650005100966700006901017906004501086942001201131952010201143952012601245 c2535d253516859383OSt20180117085943.0110706s2012 flu b 001 0 eng  a 20110277747 a0158045782Uk a9781439854587 (hardcover : alk. paper) a1439854580 (hardcover : alk. paper) a(OCoLC)ocn741103673 aDLCcDLCdYDXdYDXCPdBWXdIXAdUKMGBdCDXdDLC apcc00aJF1351b.J73 201200a3512231 aJreisat, Jamil E.10aGlobalism and comparative public administration /cJamil Jreisat. aBoca Raton :bCRC Press,cc2012. axv, 221 p. ;c24 cm.0 aPublic administration and public policy ;v161 aRev. ed. of: Comparative public administration and policy. 2002. aIncludes bibliographical references and index.0 aGovernance and globalism -- Comparative public administration -- Bureaucracy -- Comparative research and methods -- Comparative public policy -- Administration of developing countries -- Administration of developed systems -- Global ethics and public service. 0aPublic administration. 0aComparative government. 0aPublic administrationvCross-cultural studies.1 aJreisat, Jamil E.tComparative public administration and policy. a7bcbccorignewd1eecipf20gy-gencatlg 2ddccBK 00102ddc40708NFICaCLbCLcGENd2016-01-26l0o351 JREpS3H-P-170r2016-01-26w2016-01-26yBK 00102ddc40708NFICaCLbCLcGENd2017-02-24l2o351 JREpS3H-P-169q2019-02-21r2018-10-24s2018-10-24w2017-02-24yBK